| 000 | 00582nam a2200241 a 4500 | ||
|---|---|---|---|
| 001 | nice12345678 | ||
| 003 | IN_TiNIC | ||
| 005 | 20260116012431.0 | ||
| 008 | 050524s1940 hyda grp 000 0 urd | ||
| 020 |
_a _c100 |
||
| 082 | 0 | 0 |
_a297.409 _bRAU |
| 100 | _aRaunaq, Qadri | ||
| 245 | _aRahnuma-I-Rauzateen | ||
| 260 |
_aHyderabad _bMarkazi Anjuman Taleemus Salat _c1940 |
||
| 300 | _a48p | ||
| 500 | _aincludes index and biblioraphy | ||
| 505 | 2 | _aIndex | |
| 650 | _aSufism-Hagiography | ||
| 700 | 1 | _aRaunaq, Qadri | |
| 902 | _bSRS | ||
| 942 | _cBK | ||
| 999 |
_c7011 _d7011 |
||